000 00548nam a22001457a 4500
008 150609b xxu||||| |||| 00| 0 eng d
020 _a9789710161829
050 _aDS 675
_bSA181 2015
100 _aSalum, Roselyn T.
245 _aEl filibusterismo : dinisenyo batay sa kurikulum ng k-12/
_cRoselyn T. Salum ; Christiana S. Santos ; Edited by Robinson K. Cedre
260 _aMalabon City
_bJimczyville Publications
_cc2015
300 _ai, 172 p.,
_c; 27 cm
_eManual
700 _aSantos, Christiana S., Cedre, Robinson K.
942 _2lcc
_cBK
999 _c285094
_d285094